Stem Cell Now : (Record no. 598547)

MARC details
000 -LEADER
fixed length control field 00485nam a2200193 a 4500
008 - FIXED-LENGTH DATA ELEMENTS--GENERAL INFORMATION
fixed length control field 251124s2006##################000#0#eng##
020 ## - INTERNATIONAL STANDARD BOOK NUMBER
ISBN 9780131737983
082 04 - DEWEY DECIMAL CLASSIFICATION NUMBER
Classification number 616.0277
Item number SCO
100 1# - MAIN ENTRY--AUTHOR NAME
Personal name Scott, Christopher Thomas,
245 10 - TITLE STATEMENT
Title Stem Cell Now :
260 ## - PUBLICATION, DISTRIBUTION, ETC. (IMPRINT)
Name of publisher Dutton,
Year of publication 2006.
300 ## - PHYSICAL DESCRIPTION
Number of Pages 264 pages
650 #0 - SUBJECT ADDED ENTRY--TOPICAL TERM
Topical Term Medical.
942 ## - ADDED ENTRY ELEMENTS (KOHA)
Koha item type English Books
Holdings
Withdrawn status Lost status Damaged status Not for loan Home library Current library Shelving location Date acquired Full call number Accession Number Price effective from Koha item type
        Anna Centenary Library Anna Centenary Library 5TH FLOOR, B WING 24.11.2025 616.0277 SCO 382154 24.11.2025 English Books

Find us on the map